| 000 | 00810cab a2200253 4500 | ||
|---|---|---|---|
| 001 | ABS46587 | ||
| 008 | 090401t1992 xxu||||| |||| 00| 0 eng d | ||
| 035 | _a(Sirsi) u58805 | ||
| 041 | _aeng | ||
| 245 | _aFull cover without most of the hassles | ||
| 260 | _c1992 | ||
| 350 | _a0 | ||
| 490 |
_aProperty Confidential _v(442) June 1992, 7-9(3) |
||
| 520 | _aReviews the new insurance policy from brokers Griffiths & Armour to cover latent defects, developed to meet the recommendations of NEDO`s Build Committee. | ||
| 650 | _aBILD | ||
| 650 | _aCOMMERCIAL UNION | ||
| 650 | _aCONSEQUENTIAL LOSS POLICIES | ||
| 650 | _aGENERAL ACCIDENT | ||
| 650 | _aLATENT DEFECTS INSURANCE | ||
| 690 | _aBUILT ENVIRONMENT-BUILDING PATHOLOGY | ||
| 690 |
_aINSURANCE _96249 |
||
| 942 | _n0 | ||
| 948 | _c04/03/1997 | ||
| 999 |
_c35958 _d35958 |
||